| 000 | 011380000a22001930004500 | ||
|---|---|---|---|
| 020 | _a84-293-1223-4 | ||
| 041 | 0 | _aSPA | |
| 082 | 0 | 4 | _aG 261.8 M3229u |
| 100 | 1 | _aMardones, José María | |
| 245 | 1 | 0 | _aUtopía en la sociedad neoliberal / José María Mardones |
| 260 | _aSantander : Sal Terrae | ||
| 300 | _a38 Pag | ||
| 505 | 0 | 0 | _a- El neoliberalismo, o la contra-utopía del "status quo": El "fin de la historia", Globalización y mercado único, El atractivo de la utopía neoliberal, La legitimación religiosa de la utopía neoliberal - Las utopías contra el fin de la Historia: Los mínimos garantizados para todos, La utopía de la humanidad libre y justa sobre una tierra habitable, La utopía de la diferencia, Brotes de esperanza de una cambio de civilización - ¿Podremos ser ciudadanos en la sociedad neoliberal? ¿Podremos ser creyentes en la sociedad neoliberal? - Utopía, sociedad y religión: La utopía y lo sagrado, Criterios cristianos para juzgar las utopías |
| 001 | 12423 | ||
| 942 | _cBK | ||
| 999 |
_c41448 _d41448 |
||
| 336 |
_atexto _btxt _2rdacontent |
||
| 337 |
_2rdamedia _asin mediación _bn |
||
| 338 |
_2rdacarrier _avolumen _bnc |
||